Contribution to the correlation of steric structure with dissociation constants in organic compounds III. Carboxylic acids /

Elmentve itt :
Bibliográfiai részletek
Szerzők: Ötvös László
Sirokmán Ferenc
Gaál Ödön
Dokumentumtípus: Cikk
Megjelent: 1958
Sorozat:Acta physica et chemica 4 No. 3-4
Kulcsszavak:Természettudomány, Kémia
Online Access:http://acta.bibl.u-szeged.hu/23512
LEADER 00787nab a2200205 i 4500
001 acta23512
005 20210602123706.0
008 161017s1958 hu o 0|| eng d
022 |a 0001-6721 
040 |a SZTE Egyetemi Kiadványok Repozitórium  |b hun 
041 |a eng 
100 1 |a Ötvös László 
245 1 0 |a Contribution to the correlation of steric structure with dissociation constants in organic compounds   |h [elektronikus dokumentum] :  |b III. Carboxylic acids /  |c  Ötvös László 
260 |c 1958 
300 |a 131-133 
490 0 |a Acta physica et chemica  |v 4 No. 3-4 
695 |a Természettudomány, Kémia 
700 0 1 |a Sirokmán Ferenc  |e aut 
700 0 1 |a Gaál Ödön  |e aut 
856 4 0 |u http://acta.bibl.u-szeged.hu/23512/1/phys_chem_004_fasc_003_004_131-133.pdf  |z Dokumentum-elérés